Siṃhale āṇḍu kramaya piḷibanda luhunḍu saṭahan. (Record no. 88920)

MARC details
000 -LEADER
fixed length control field 00897cam a22003011 4500
001 - CONTROL NUMBER
control field sa 68019491
003 - CONTROL NUMBER IDENTIFIER
control field DLC
005 - DATE AND TIME OF LATEST TRANSACTION
control field 20260227112718.0
008 - FIXED-LENGTH DATA ELEMENTS--GENERAL INFORMATION
fixed length control field 890802s1966 ce b 000 0 sino
010 ## - LIBRARY OF CONGRESS CONTROL NUMBER
LC control number sa 68019491
035 ## - SYSTEM CONTROL NUMBER
System control number (OCoLC)20113357
040 ## - CATALOGING SOURCE
Original cataloging agency DLC
Transcribing agency WaU
Modifying agency DLC
042 ## - AUTHENTICATION CODE
Authentication code premarc
043 ## - GEOGRAPHIC AREA CODE
Geographic area code a-ce---
050 00 - LIBRARY OF CONGRESS CALL NUMBER
Classification number JQ659.K33
Item number D68
100 1# - MAIN ENTRY--PERSONAL NAME
Personal name D' Oyly, John,
Titles and words associated with a name Sir,
Dates associated with a name 1744-1824.
245 10 - TITLE STATEMENT
Title Siṃhale āṇḍu kramaya piḷibanda luhunḍu saṭahan.
260 ## - PUBLICATION, DISTRIBUTION, ETC.
Date of publication, distribution, etc. [1966]
300 ## - PHYSICAL DESCRIPTION
Extent xx, 169 p.
Dimensions 26 cm.
500 ## - GENERAL NOTE
General note In Sinhalese.
504 ## - BIBLIOGRAPHY, ETC. NOTE
Bibliography, etc. note Includes bibliographical references.
610 10 - SUBJECT ADDED ENTRY--CORPORATE NAME
Corporate name or jurisdiction name as entry element Kandy (Sri Lanka)
Title of a work Constitution.
650 #0 - SUBJECT ADDED ENTRY--TOPICAL TERM
Topical term or geographic name entry element Sinhalese language
General subdivision Glossaries, vocabularies, etc.
651 #0 - SUBJECT ADDED ENTRY--GEOGRAPHIC NAME
Geographic name Sri Lanka
General subdivision History
-- Sources.
700 1# - ADDED ENTRY--PERSONAL NAME
Personal name Somaratna, Ellepola H. M.,
Dates associated with a name 1904-
700 1# - ADDED ENTRY--PERSONAL NAME
Personal name Sawers, Simon.
700 1# - ADDED ENTRY--PERSONAL NAME
Personal name Vimalananda, Tennakoon.

No items available.

Powered by Koha